000 00391nam a2200169 i 4500
001 bg
100 1 _aSAWICKI, Jan
245 0 _aUkłady elektroniczne /
_cJ. Sawicki.
260 _aWarszawa,
_c1970.
650 9 _aUkłady elektroniczne
655 _aPodręczniki
040 _cBPK
041 _apol
080 _a621.38(07)
942 _cKS
008 s pl f |000 0 pol
999 _c10570
_d10570
856 _uhttp://koha.tu.koszalin.pl/cgi-bin/koha/opac-detail.pl?biblionumber=10570
_yKatalog online BPK